Uigurisches Wörterbuch II.2 : (Record no. 65517)
| 000 -BAŞLIK | |
|---|---|
| Sabit Uzunluktaki Kontrol Alanı | 01504nam a22003977a 4500 |
| 001 - KONTROL NUMARASI | |
| Control Dosyası | 0065206 |
| 003 - KONTROL NUMARASI KİMLİĞİ | |
| Kontrol Alanı | KOHA_MİRAKIL |
| 005 - EN SON İŞLEM TARİHİ ve ZAMANI | |
| Kontrol Alanı | 20260207004551.0 |
| 007 - FİZİKSEL TANIM SABİT ALAN - GENEL BİLGİ | |
| Sabit uzunluklu kontrol alanı | ta |
| 008 - SABİT UZUNLUKTAKİ VERİ ÖGELERİ - GENEL BİLGİ | |
| Sabit Alan | 191224b2017 ge |||grd|||#0|||1|ger | |
| 020 ## - ISBN - ULUSLARARASI STANDART KİTAP NUMARASI | |
| Isbn | 9783515118620 |
| 040 ## - KATALOGLAMA KAYNAĞI | |
| Özgün Kataloglama Kurumu | TR-BiSEU |
| Kataloglama Dili | tur |
| Çeviri Kurumu | TR-BiSEU |
| Açıklama Kuralları | rda |
| 041 0# - DİL KODU | |
| Metin ya da ses kaydının dil kodu | ger |
| 044 ## - YAYINLAYAN/ÜRETEN KURULUŞUN ÜLKE KODU | |
| ISO country code | ge |
| 050 ## - SINIFLAMA ve YER NUMARASI | |
| Sınıflama Numarası | PL54.64 |
| Yer Numarası | .R64 2017 |
| 100 1# - KİŞİ ADI | |
| Yazar Adı (Kişi adı) | Röhrborn, Klaus. |
| 240 10 - TEK BİÇİM BAŞLIK | |
| Tekbiçim Başlık | <a href="Uygurca sözlük : İslam öncesi Orta Asya türkçe metinlerin dil malzemesi">Uygurca sözlük : İslam öncesi Orta Asya türkçe metinlerin dil malzemesi</a> |
| Language of a work | Almanca |
| 245 1# - ESER ADI BİLDİRİMİ | |
| Başlık | Uigurisches Wörterbuch II.2 : |
| Alt Eseradı vb. | Sprachmaterial der vorislamischen türkischen Texte aus Zentralasien = |
| -- | Uygurca sözlük : |
| -- | İslam öncesi Orta Asya türkçe metinlerin dil malzemesi / |
| Sorumluluk Bildirimi | Klaus Röhrborn ; von Klaus Röhrborn. |
| 264 #1 - ÜRERİM, YAYIN, DAĞITIM ve TELİF BİLDİRİMİ | |
| Yayın yeri | Stuttgart : |
| Yayınlayan | Franz Steiner |
| Yayın tarihi | 2017 |
| 300 ## - FİZİKSEL TANIMLAMA | |
| Sayfa, Cilt vb. | volumes ; |
| Boyutları | 24 cm. |
| 336 ## - İÇERİK TÜRÜ | |
| Content type term | metin |
| Content type code | txt |
| Source | rdacontent |
| 337 ## - MEDYA TÜRÜ | |
| Media type term | aracısız |
| Media type code | n |
| Source | rdamedia |
| 338 ## - TAŞIYICI TÜRÜ | |
| Carrier type term | cilt |
| Carrier type code | nc |
| Source | rdacarrier |
| 490 0# - DİZİ BİLDİRİMİ | |
| Dizi Bildirimi | Orientalistik |
| 500 ## - GENEL NOT | |
| Genel Not | Includes bibliographical references. |
| 505 ## - İÇİNDEKİLER NOTU | |
| İçindekiler Notu | I. Verben. Band. 1. Ab- -- äzüglä- -- II. Nomina, Pronomina, Partikeln. Band 1: a-asvık. Band 2: aš-äžük |
| 650 #0 - KONU BAŞLIĞI EK GİRİŞ - KONU TERİMİ | |
| Konusal terim veya coğrafi ad | Uighur language--Dictionaries--German. |
| 9 (RLIN) | 121960 |
| 650 #0 - KONU BAŞLIĞI EK GİRİŞ - KONU TERİMİ | |
| Konusal terim veya coğrafi ad | Uighur language. |
| 9 (RLIN) | 69801 |
| 650 #0 - KONU BAŞLIĞI EK GİRİŞ - KONU TERİMİ | |
| Konusal terim veya coğrafi ad | Dictionaries. |
| 9 (RLIN) | 1709 |
| 650 #0 - KONU BAŞLIĞI EK GİRİŞ - KONU TERİMİ | |
| Konusal terim veya coğrafi ad | Uygur dili - Sözlükler - Almanca. |
| 9 (RLIN) | 122272 |
| 650 #0 - KONU BAŞLIĞI EK GİRİŞ - KONU TERİMİ | |
| Konusal terim veya coğrafi ad | Uygur dili. |
| 9 (RLIN) | 69803 |
| 650 #0 - KONU BAŞLIĞI EK GİRİŞ - KONU TERİMİ | |
| Konusal terim veya coğrafi ad | Sözlükler. |
| 9 (RLIN) | 1707 |
| 830 0# - SERİ EK GİRİŞİ - TEKBİÇİM ESER ADI | |
| Tekbiçim Başlık | Orientalistik |
| 9 (RLIN) | 122273 |
| 907 ## - LOCAL DATA ELEMENT G, LDG (RLIN) | |
| a | Sözlük |
| 942 ## - EK GİRİŞ ÖGELERİ (KOHA) | |
| Source of classification or shelving scheme | Library of Congress Classification |
| Koha item type | Book |
| Materyal Türü | Kalıcı Konum | Mevcut Konum | Raf Yeri | Koleksiyon Kodu | Sınıflandırma Kaynağı | Edinim Bilgisi | Ana Konular | Alt Konular | Yer Numarası | Cilt Bilgisi | Demirbaş Numarası | Fatura Tarihi | Geri Çekilme Durumu | Kayıp Durumu | Hasarlı Durumu | Kredi için değil | Kayıt Tarih | Toplam Ödünçverme | Son Görülme Tarihi | Son Kontrol Tarihi |
|---|---|---|---|---|---|---|---|---|---|---|---|---|---|---|---|---|---|---|---|---|
| Danışma Kaynakları | Prof. Dr. Azmi Özcan Kütüphanesi | Prof. Dr. Azmi Özcan Kütüphanesi | Birûni Salonu | Referans | Library of Congress Classification | Satın | DİL VE EDEBİYAT | Doğu Asya, Afrika, Okyanusya Dilleri ve Edebiyatları | PL54.64 .R64 2017 | v.2 | 0065206 | 02/02/2026 | Ödünç verilmez | 24/12/2019 | 05/03/2025 | 05/03/2025 |
